00330nam a22001097a 4500008004100000020001500041082001300056100001900069245006700088260005600155300000900211230626b xxu||||| |||| 00| 0 eng d a0195211022 a331bLAW cLawrence Jacob aWorld Development Report 1995bWorkers in an Integrating World aWashington DC, U.S.AbOxford University pressc1995 a251p